00590cam a2200205 a 450000100100000000500170001000800410002703500190006804000300008708200210011710000380013824500620017626000330023830000210027149000110029265000230030365000200032665000250034683000130037100001452820260420181238.0750822s1971 mx 000 0 spa d a(DLC) 75512095 aDO-SdBNPbspacBNPHUdDLC a335.97291bC514s1 aChe Guevara, Ernesto,d1928-1967.13aEl socialismo y el hombre en Cuba /cErnesto Che Guevara. aMéxico :bGrijalbo,c1971. a160 p. ;c18 cm.1 a70v98 4aSocialismo en cuba 4aComunismozCuba 0aComunismo y sociedad 0a70 ;v98